EBC Silver jubilee commemorative magazine, 1975-2000 (Record no. 10041)

MARC details
000 -LEADER
fixed length control field 00400nam a22001457a 4500
003 - CONTROL NUMBER IDENTIFIER
control field GBCCL
005 - DATE AND TIME OF LATEST TRANSACTION
control field 20241126110724.0
008 - FIXED-LENGTH DATA ELEMENTS--GENERAL INFORMATION
fixed length control field 240213b ||||| |||| 00| 0 eng d
040 ## - CATALOGING SOURCE
Transcribing agency gbc
082 ## - DEWEY DECIMAL CLASSIFICATION NUMBER
Classification number MAG EBC
Item number 2000
245 ## - TITLE STATEMENT
Title EBC Silver jubilee commemorative magazine, 1975-2000
260 ## - PUBLICATION, DISTRIBUTION, ETC.
Place of publication, distribution, etc. Tedim, Chin State :
Name of publisher, distributor, etc. Evangelical Baptist conference,
Date of publication, distribution, etc. 2000
300 ## - PHYSICAL DESCRIPTION
Extent 95p. ;
942 ## - ADDED ENTRY ELEMENTS (KOHA)
Source of classification or shelving scheme Dewey Decimal Classification
Koha item type Archives
Holdings
Withdrawn status Lost status Source of classification or shelving scheme Damaged status Not for loan Home library Current Library Shelving location Date acquired Total checkouts Full call number Barcode Date last seen Copy number Price effective from Koha item type
    Dewey Decimal Classification     GRACE BIBLE COLLEGE GRACE BIBLE COLLEGE Archives 2024-02-13   MAG EBC 2000 250275 2025-05-01 c.1 2024-02-13 Archives
© Grace Bible College Library 2025